Zbierka riešených príkladov a úloh z lineárnej algebry a analytickej geometrie

Na minha lista:
Detalhes bibliográficos
Formato: Livro
Idioma:eslovaco
Publicado em: Bratislava Alfa 1987
Colecção:Edícia matematicko-fyzikálnej literatúry
Tags: Adicionar Tag
Sem tags, seja o primeiro a adicionar uma tag!

MARC

LEADER 00000nam a2200000 4500
001 c026229
005 20260327083048.2
041 0 |a slo 
044 |a SK 
245 1 0 |a Zbierka riešených príkladov a úloh z lineárnej algebry a analytickej geometrie  |c Peter Kaprálik, Jozef Tvarožek 
264 1 |a Bratislava  |b Alfa  |c 1987 
300 |a 427 s. 
490 1 |a Edícia matematicko-fyzikálnej literatúry 
830 0 |a Edícia matematicko-fyzikálnej literatúry